Statistiques concernant Mexicains célèbres par images

Cliquez ici pour prendre le quiz!

Statistiques générales

  • Ce quiz a été pris 80 fois
  • Le résultat moyen est 4 sur 16

Statistiques - réponses

Réponse% Correct
Frida Kahlo
79%
Chicharito
63%
Salma Hayek
54%
Sergio Perez
47%
Hugo Sanchez
37%
Guillermo del Toro
29%
Carlos Santana
28%
Emiliano Zapata
22%
Diego Rivera
13%
Vicente Fernández
9%
Sous-commandant Marcos
8%
Oscar Chavez
7%
Carlos Slim Helu
5%
Maria Félix
3%
Arturo Ripstein
1%
Luis Buñuel
1%

Distribution des résultats

Percentile par nombre de réponses

% des personnes avec chaque résultat

Votre développement - résultats

Vous n’avez pas pris ce quiz